|
|
|
|
| LEADER |
00000nab a2200000 a 4500 |
| 001 |
vtls000680757 |
| 003 |
SK-MaSNL |
| 005 |
20260319074259.0 |
| 008 |
160405c1998 xo 0 hun |
| 015 |
|
|
|a SNBRA1998/12-31357
|
| 035 |
|
|
|a CLN000032925
|
| 040 |
|
|
|a SNKBUCL
|b slo
|c SNKBUCL
|e AACR2
|
| 041 |
0 |
|
|a hun
|
| 044 |
|
|
|a xo
|c SK
|
| 080 |
|
|
|a 267.4-055.2(437.6):284.2:061.3
|2 1997
|
| 080 |
|
|
|a 284.2
|2 1997
|
| 100 |
0 |
|
|a (kat)
|4 aut
|9 849029
|
| 245 |
1 |
0 |
|a A nők szolgálatvállalása az egyházban
|b a hét végén tartották a Szlovákiai Református Nők Egyesületének területi konferenciáját
|c [szerző] (kat)
|
| 500 |
|
|
|a Chybné číslovanie
|
| 610 |
|
7 |
|a Spolok reformovaných žien na Slovensku
|x konferencie
|y 1998
|2 snkbucl
|9 907025
|
| 651 |
|
7 |
|a 811
|2 snkbucl
|9 462276
|
| 655 |
|
7 |
|a články z novín a časopisov
|2 snkbucl
|9 267496
|
| 773 |
0 |
|
|t Új szó
|g Roč. 51, č. 278[285] (9.12.1998), s. 3
|
| 850 |
|
|
|a Slovenská národná knižnica v Martine
|
| 852 |
|
|
|a SNK
|b KIS3GCP
|
| 958 |
|
|
|a HU
|
| 958 |
|
|
|a SK
|
| 958 |
|
|
|a RBX
|
| 999 |
|
|
|c 1437321
|d 1439251
|